000 00579cam a22002174a 4500
001 sa 67001219
003 DLC
005 20260227112321.0
008 940719s1966 ii 000 1 urdo
010 _asa 67001219
025 _aPL480:I-U-1531
035 _a(OCoLC)30796033
040 _aDLC
_cDLC
050 0 0 _aPK2200.Z5186
_bD8 1966
100 0 _aZ̤iyā ʻAẓīmābādī,
_d1919-
245 1 0 _aDushman kaun /
_cZ̤iyā ʻAẓīmābādī.
260 _aDihlī :
_bMaktabah-yi Shāhrāh,
_c1966.
300 _a156 p. ;
_c18 cm.
500 _aNovel.
546 _aIn Urdu.
999 _c72474
_d72474